Datum a čas kvízu
27.5
Celkem bodů
Celkový počet nahraných bodů na tomto kvízu bez doplňovacích otázek.
4.
Pořadí na kvízu
Konečné umístění týmu na tomto kvízu.
Zaznamenané odpovědi
| # | Otázka | Odpověď | Body | Výsledky |
|---|---|---|---|---|
| 1. | Nové politické hnutí bývalého... | Martin Kuba; Jihočeský | 0 | |
| 2. | Co neobvyklého našli lékaři v... | dělostřelecký granát | 1 | |
| 3. | Vstup ke které římské památce... | k fontáně di Trevi | 1 | |
| 4. | Která fiktivní postava z fanta... | B) Draco Malfoy | 0 | |
| 5. | V pátek byly zahájeny zimní ol... | David Pastrňák; Lucie Charvátová | 0.5 | |
| 6. | 17. února 1600 byl na Campo de... | Giordano Bruno | 0 | |
| 7. | 8. února 1700 se narodil Danie... | A) proudění tekutin | 1 | |
| 8. | Za kulatý letopočet budeme dne... | Brouček | 0 | |
| 9. | 16. listopadu 1900 se v Olomou... | Eliška Junková | 0 | |
| 10. | Od 15. září do 1. října 2000 s... | Štěpánka Hilgertová; Sydney | 0 |